000 00421nam a2200181Ia 4500
008 210210b1906 xxu||||| |||| 00| 0 eng d
041 _aeng
082 _a444/46
100 _aCHATEAUBRIAND
245 _aMemories doutre tombe 1814-15
260 _aOxford
_bAt the Clarendon Press
_c1906
650 _atombe
650 _aMemories
650 _adoutre
650 _a1814-15
690 _aFrench
906 _a006241
999 _c129261
_d129261